| 000 | 00629nam a2200217Ii 4500 | ||
|---|---|---|---|
| 003 | JO-AjNU | ||
| 008 | 230606s9999||||xx |||||||||||||| ||und|| | ||
| 020 | _a0-07-063551-x | ||
| 040 |
_aJO-AjNU _beng _erda _cJO-AjNU |
||
| 041 | _aeng | ||
| 050 | 1 | 4 | _aKN7.3.2007 |
| 100 | 3 |
_aP.C. Tulsian, _eauthor _91346 |
|
| 245 | 0 | 0 | _aBusiness And Industrial Law |
| 250 | _a(d،ed) | ||
| 264 | 3 | 1 | _aNEW DEIHI : Tata McGraw-Hill Publishing Company Limited ،2007 |
| 300 | _a1709p | ||
| 336 |
_atext _btxt _2rdacontent |
||
| 337 |
_aunmediated _bn _2rdamedia |
||
| 338 |
_avolume _bnc _2rdacarrier |
||
| 650 | 4 |
_aBusiness Industrial Law _91347 |
|
| 999 |
_aE711 _c711 _d711 |
||